000 00359nam a2200157 i 4500
001 bg
100 1 _aBRYANT, Nigel
245 0 _aManaging expert systems /
_cN.Bryant.
260 _aChichester,
_c1988.
650 9 _aSystemy ekspertowe
040 _cBPK
041 _apol
080 _a004.891
942 _cKS
008 s pl f |000 0 pol
999 _c28775
_d28775
856 _uhttp://koha.tu.koszalin.pl/cgi-bin/koha/opac-detail.pl?biblionumber=28775
_yKatalog online BPK